logo

Bir Sreshtho Munshi Abdur Rouf Library
Jhenaidah Cadet College

Wow! : (Record no. 12509)

MARC details
000 -LEADER
fixed length control field 00666nam a2200229 a 4500
001 - CONTROL NUMBER
JCCL Control Number 12509
003 - CONTROL NUMBER IDENTIFIER
JCCL marc code BD-JhCC
005 - DATE AND TIME OF LATEST TRANSACTION
control field 20220405123921.0
008 - FIXED-LENGTH DATA ELEMENTS--GENERAL INFORMATION
fixed length control field 210805s2019 bg a|||| |||| 00| 0 eng d
020 ## - INTERNATIONAL STANDARD BOOK NUMBER
International Standard Book Number 9780241421826
035 ## - SYSTEM CONTROL NUMBER
system control number (BD-JhCC)12509
040 ## - CATALOGING SOURCE
Original cataloging agency BD-JhCC
Modifying agency BD-JhCC
041 ## - LANGUAGE CODE
Language code of Book eng
082 ## - DEWEY DECIMAL CLASSIFICATION NUMBER
Classification number 032
Author mark and Year WOW 2019
245 ## - TITLE STATEMENT
Title Wow! :
Remainder of title the visual encyclopedia of everything /
Statement of responsibility, etc senior editor by Julie Ferris
260 ## - PUBLICATION, DISTRIBUTION, ETC. (IMPRINT)
Place of publication, distribution, etc London :
Name of publisher, distributor, etc DK Children,
Date of publication, distribution, etc 2019.
300 ## - PHYSICAL DESCRIPTION
Pagination 297 p. :
Other physical details Illustration (color),
Dimensions 25 cm.
504 ## - BIBLIOGRAPHY, ETC. NOTE
Bibliography, etc Index includes
650 ## - SUBJECT ADDED ENTRY--TOPICAL TERM
Topical term or geographic name as entry element Children's encyclopedias and dictionaries
700 ## - ADDED ENTRY--PERSONAL NAME
Personal name Ferris, Julie
942 ## - ADDED ENTRY ELEMENTS (KOHA)
Source of classification or shelving scheme Dewey Decimal Classification
Koha item type Reference
Holdings
Source of classification or shelving scheme Damaged status Not for loan Home library Current library Shelving location Date of accession Cost, normal purchase price Total Checkouts Full call number Barcode Date last seen Copy number Koha item type
Dewey Decimal Classification     JCC Rouf Library JCC Rouf Library General Stacks 08/05/2021 2052.00   032 WOW 2019 17137 04/03/2022 C-1 Reference

JCC Library | Contacts | JCC Home

Last Update on 23 September 2017
Copyright @ 2017-2020 JCC Rouf Library
Rouf Library, Jhenidah Cadet College (JCC), Bangladesh